000
00244nam a22001097a 4500
999
_c
262035
_d
262034
020
_a
9780064442435
100
_a
Alyssa Satin
245
_a
Biscuit Finds a Friend
260
_a
New Year
_b
Harper Collins
_c
1997
300
_a
24 pgs
942
_c
BK